Nursing Foundations and First Aid (Record no. 248920)
[ view plain ]
| 000 -LEADER | |
|---|---|
| fixed length control field | 00462nam a22001697a 4500 |
| 003 - CONTROL NUMBER IDENTIFIER | |
| control field | OSt |
| 008 - FIXED-LENGTH DATA ELEMENTS--GENERAL INFORMATION | |
| fixed length control field | 250506b |||||||| |||| 00| 0 eng d |
| 082 ## - DEWEY DECIMAL CLASSIFICATION NUMBER | |
| Classification number | 610.73 |
| 100 ## - MAIN ENTRY--PERSONAL NAME | |
| Personal name | Varghese, Susamma |
| 245 ## - TITLE STATEMENT | |
| Title | Nursing Foundations and First Aid |
| Remainder of title | for General Nursing & Midwifery Students |
| Statement of responsibility, etc | Susamma Varghese; Valsamma Joseph |
| 250 ## - EDITION STATEMENT | |
| Edition statement | 3rd |
| 650 ## - SUBJECT ADDED ENTRY--TOPICAL TERM | |
| Form subdivision | Physiotherapy |
| General subdivision | Nursing |
| 942 ## - ADDED ENTRY ELEMENTS (KOHA) | |
| Item type | Books |
| Source of classification or shelving scheme | Dewey Decimal Classification |
| Withdrawn status | Lost status | Damaged status | Permanent location | Current location | Shelving location | Date acquired | Source of acquisition | Cost, normal purchase price | Full call number | Barcode | Date last seen | Koha item type |
|---|---|---|---|---|---|---|---|---|---|---|---|---|
| CENTRAL LIBRARY, NOORUL ISLAM CENTRE FOR HIGHER EDUCATION | CENTRAL LIBRARY, NOORUL ISLAM CENTRE FOR HIGHER EDUCATION | General stacks | 05/06/2025 | Masters Books and Distributors, 7-04-2025 | 1200.00 | 610.73 R5 | 83749 | 05/06/2025 | Books | |||
| CENTRAL LIBRARY, NOORUL ISLAM CENTRE FOR HIGHER EDUCATION | CENTRAL LIBRARY, NOORUL ISLAM CENTRE FOR HIGHER EDUCATION | General stacks | 05/06/2025 | Masters Books and Distributors, 7-04-2025 | 1200.00 | 610.73 R5 | 83750 | 05/06/2025 | Books | |||
| CENTRAL LIBRARY, NOORUL ISLAM CENTRE FOR HIGHER EDUCATION | CENTRAL LIBRARY, NOORUL ISLAM CENTRE FOR HIGHER EDUCATION | General stacks | 05/06/2025 | Masters Books and Distributors, 7-04-2025 | 1200.00 | 610.73 R5 | 83751 | 05/06/2025 | Books |
